000 00641nam a2200277Ia 4500
005 20260324144149.0
008 008 260324s9999 xx 000 0 eng d
020 _a9780203036525
037 _aEBOOK
040 _aCRL
040 _beng
040 _cCRL
041 _2eng
041 _aeng
084 _qCRL
100 _aPhilip E. Ogden; Paul White
_91218323
245 0 _aMigrants in Modern France
260 _bTaylor and Francis
260 _c1989
365 _a
365 _b420
856 _uhttp://www.taylorfrancis.com/books/9780203036525
942 _cEBOOK
999 _c1824577
_d1824577